| 000 | 00350nam a22001457a 4500 | ||
|---|---|---|---|
| 008 | 210308b ||||| |||| 00| 0 eng d | ||
| 020 | _a9780873226769 | ||
| 041 | _aeng | ||
| 080 | _a615.83 | ||
| 082 | _a615.83 | ||
| 100 | _a8 | ||
| 101 | _aEGZ | ||
| 245 |
_aIntroducion to Kinesiology Studying Physical Activity _cHoffman, S.J |
||
| 942 |
_2udc _cBK |
||
| 999 |
_c55961 _d55961 |
||